| 000 | 00653nam a2200121Ia 4500 | ||
|---|---|---|---|
| 008 | 220615s9999||||xx |||||||||||||| ||und|| | ||
| 100 | _aDiallo, Souleymane | ||
| 245 | 0 |
_a“The Truth about the Desert†_bExile, Memory, and the Making of Communities among Malian Tuareg Refugees in Niger |
|
| 546 | _aEnglish[eng] | ||
| 650 | _acommunity||exile||tuareg||memory||refugees||Free Negro||Mali||Mossa||Niamey||Niger | ||
| 856 | _uhttps://library.oapen.org/bitstream/20.500.12657/30608/1/645078.pdf||https://library.oapen.org/bitstream/20.500.12657/30608/1/645078.pdf||https://library.oapen.org/bitstream/20.500.12657/30608/1/645078.pdf | ||
| 942 | _cEB | ||
| 999 |
_c15804 _d15804 |
||